| 000 | 01154nam a22002415i 4500 | ||
|---|---|---|---|
| 001 | 172775 | ||
| 003 | ES-MaACL | ||
| 005 | 20250831061531.0 | ||
| 008 | 090908s1932 sp |||| | spa d | ||
| 245 | 0 | 0 |
_aConvenio relativo al trabajo nocturno de las mujeres en la industria _b: aprobado por la Conferencia Internacional del Trabajo en su I sesión, celebrada en Washington del 29 de octubre al 29 de noviembre de 1919 y ratificado por España el 29 de septiembre de 1932. |
| 260 |
_aMadrid : _b[s.n.], _c1932 ( _fImpr. del Ministerio de Estado) |
||
| 300 |
_a14 p. ; _c24 cm. |
||
| 490 | 1 |
_aPublicaciones del Ministerio de Estado. Serie A: Acuerdos y convenios internacionales ; _v16 |
|
| 546 | _aTexto en español, francés e inglés. | ||
| 594 | _aDatos tomados de cub. | ||
| 650 | 7 |
_aTrabajo nocturno _2embne _9160965 |
|
| 650 | 0 | 0 |
_aMujeres- _xTrabajo. _915318 |
| 710 | 1 |
_aEspaña. _bMinisterio de Estado. _93866 |
|
| 711 | 2 |
_aConferencia Internacional del Trabajo ( _n1ª. _d1919. _cWashington) _9171582 |
|
| 830 | 1 | 0 |
_aPublicaciones del Ministerio de Estado _v16 _9189119 |
| 852 |
_aES-MaACL _j2299-F-32 |
||
| 999 |
_c172775 _d172775 |
||